<?xml version="1.0" encoding="UTF-8"?>
<record
    xmlns:xsi="http://www.w3.org/2001/XMLSchema-instance"
    xsi:schemaLocation="http://www.loc.gov/MARC21/slim http://www.loc.gov/standards/marcxml/schema/MARC21slim.xsd"
    xmlns="http://www.loc.gov/MARC21/slim">

  <leader>00533nab a2200169uuc4500</leader>
  <controlfield tag="001">1145426</controlfield>
  <controlfield tag="005">20240228134904.0</controlfield>
  <controlfield tag="008">090526e20030505                    spa  </controlfield>
  <datafield tag="035" ind1=" " ind2=" ">
    <subfield code="a">1145426</subfield>
  </datafield>
  <datafield tag="035" ind1=" " ind2=" ">
    <subfield code="a">(OCoLC)820475223</subfield>
  </datafield>
  <datafield tag="040" ind1=" " ind2=" ">
    <subfield code="c">comduadb</subfield>
  </datafield>
  <datafield tag="041" ind1=" " ind2=" ">
    <subfield code="a">spa</subfield>
  </datafield>
  <datafield tag="100" ind1="1" ind2="0">
    <subfield code="a">Pardo, Jos&#xE9; Luis,</subfield>
    <subfield code="d">1954-</subfield>
    <subfield code="4">aut</subfield>
    <subfield code="0">(isni)0000 0001 2122 3789</subfield>
    <subfield code="0">(viaf)17280880</subfield>
    <subfield code="e">aut</subfield>
    <subfield code="9">510700</subfield>
  </datafield>
  <datafield tag="245" ind1="1" ind2="0">
    <subfield code="a">Diario intimo de un hombre comun</subfield>
  </datafield>
  <datafield tag="773" ind1="0" ind2=" ">
    <subfield code="t">Desde La Regi&#xF3;n (Medell&#xED;n)</subfield>
    <subfield code="g">No. 39, May. 2003, 16-21</subfield>
    <subfield code="w">639003</subfield>
    <subfield code="x">0123-4528</subfield>
    <subfield code="0">170270</subfield>
  </datafield>
  <datafield tag="942" ind1=" " ind2=" ">
    <subfield code="c">ARIMP</subfield>
  </datafield>
  <datafield tag="999" ind1=" " ind2=" ">
    <subfield code="c">507923</subfield>
    <subfield code="d">507923</subfield>
  </datafield>
</record>
